| Tag |
First Indicator |
Second Indicator |
Subfields |
| LEADER |
00000cam a2200000 a 4500 |
| 001 |
in00000336557 |
| 005 |
20151011051821.0 |
| 008 |
820113s1981 enka b 00110 eng d |
| 020 |
|
|
|a 0070845565
|
| 035 |
|
|
|a (OCoLC)08061675
|
| 035 |
|
|
|9 ABL0877AM
|
| 040 |
|
|
|a WAU
|c WAU
|d TXA
|d UtOrBLW
|
| 049 |
|
|
|a TXAM
|c [1656866]
|
| 090 |
|
|
|a HD58.95
|b S28
|
| 100 |
1 |
|
|a Sayle, Allan J.
|
| 245 |
1 |
0 |
|a Management audits :
|b the assessment of quality management systems /
|c Allan J. Sayle.
|
| 264 |
|
1 |
|a London ;
|a New York :
|b McGraw-Hill,
|c [1981]
|
| 264 |
|
4 |
|c ©1981
|
| 300 |
|
|
|a x, 186 pages :
|b illustrations ;
|c 23 cm.
|
| 336 |
|
|
|a text
|b txt
|2 rdacontent
|
| 337 |
|
|
|a unmediated
|b n
|2 rdamedia
|
| 338 |
|
|
|a volume
|b nc
|2 rdacarrier
|
| 504 |
|
|
|a Includes bibliographical references and index.
|
| 650 |
|
0 |
|a Management audit.
|
| 999 |
|
|
|a MARS
|
| 999 |
f |
f |
|s 1ceaaabe-6249-31bc-bd84-4cde8aa8ed26
|i d63d0311-f0e4-35ef-b8a0-3fa6ffeeafee
|t 0
|
| 952 |
f |
f |
|p ric
|a Texas A&M University
|b Rellis Campus
|c Joint Library Facility
|d Remote Storage
|t 0
|e HD58.95 S28
|h Library of Congress classification
|i unmediated -- volume
|m A14806443106
|
| 998 |
f |
f |
|a HD58.95 S28
|t 0
|l Remote Storage
|